[Event "Trieste op"]
[Site "Trieste"]
[Date "1997.??.??"]
[Round "3"]
[White "Musco, Ilia"]
[Black "Miele, Roberto"]
[Result "1-0"]
[WhiteElo "1635"]
[BlackElo "1720"]
[PlyCount "91"]
[EventDate "1997.??.??"]
[EventType "swiss"]
[EventRounds "8"]
[EventCountry "ITA"]
[SourceTitle "EXT 2005"]
[Source "ChessBase"]
[SourceDate "2004.11.15"]
[SourceVersion "1"]
[SourceVersionDate "2004.11.15"]
[SourceQuality "1"]

1. e4 e5 2. Bc4 Nf6 3. d3 Nc6 4. Nc3 Be7 5. f4 exf4 6. Bxf4 d6 7. Nf3 Bg4 8. h3 Bxf3 9. Qxf3 Ne5 10. Bxe5 dxe5 11. 0-0-0 0-0 12. g4 c6 13. d4 Qc7 14. Qf5 b5 15. g5 Nd7 16. Bb3 g6 17. Qg4 exd4 18. Rxd4 Nb6 19. Rdd1 a5 20. a4 bxa4 21. Nxa4 Nxa4 22. Bxa4 Rab8 23. h4 Qe5 24. c3 Qc5 25. Rhe1 Rxb2 26. Kxb2 Qa3+ 27. Kc2 Qxa4+ 28. Kd3 Qa2 29. Qe2 Rd8+ 30. Ke3 Bc5+ 31. Kf3 Qxe2+ 32. Kxe2 Ra8 33. Rd7 a4 34. Rf1 Rf8 35. Rc7 a3 36. Rxc6 Be7 37. Ra6 Rb8 38. Ra7 Kf8 39. Kd3 Rb2 40. Ra8+ Kg7 41. Ra7 Kf8 42. h5 gxh5 43. Rh1 h4 44. Rxh4 a2 45. Rxh7 Kg8 46. g6 1-0

[Event "Trieste op"]
[Site "Trieste"]
[Date "1997.??.??"]
[Round "8"]
[White "Musco, Ilia"]
[Black "Visintin, Roberto"]
[Result "0-1"]
[WhiteElo "1635"]
[BlackElo "1835"]
[PlyCount "52"]
[EventDate "1997.??.??"]
[EventType "swiss"]
[EventRounds "8"]
[EventCountry "ITA"]
[SourceTitle "EXT 2005"]
[Source "ChessBase"]
[SourceDate "2004.11.15"]
[SourceVersion "1"]
[SourceVersionDate "2004.11.15"]
[SourceQuality "1"]

1. e4 Nf6 2. e5 Nd5 3. Nc3 Nxc3 4. dxc3 d6 5. Nf3 Nc6 6. Bb5 Bd7 7. Qe2 a6 8. Bd3 g6 9. Bf4 Bg4 10. Be4 Bg7 11. Bxc6+ bxc6 12. Rd1 0-0 13. h3 Bxf3 14. Qxf3 Qb8 15. Bc1 Qb5 16. exd6 exd6 17. Rd3 Rfe8+ 18. Kd1 Re5 19. Re3 Rae8 20. Rhe1 Rxe3 21. Bxe3 Qxb2 22. Qxc6 Rf8 23. Bd2 Qb1+ 24. Ke2 Qxc2 25. Qxc7 Bh6 26. Qxd6 Bxd2 0-1